000 00592cam a22002053a 4500
001 44681
003 PGUSA
005 20140828084023.0
008 140116s2014||||xxu|||||s|||||000 | eng d
040 _aPGUSA
_beng
042 _adc
100 1 _aSmyth, H. Warington
245 1 0 _aNotes of a Journey on the Upper Mekong, Siam
_h[electronic resource] /
_cH. Warington Smyth
260 _bProject Gutenberg,
_c2014
506 _aPublic domain in the USA.
516 _aElectronic text
830 0 _aProject Gutenberg
_v44681
856 4 0 _uhttp://www.gutenberg.org/ebooks/44681
942 _cEB
999 _c273932
_d273932